N is a number : a portrait of Paul Erdos.

A man with no home and no job, Paul Erdos was the most prolific mathematician who ever lived. Born in Hungary in 1913, Erdos wrote and co-authored over 1,500 papers and pioneered several fields in theoretical mathematics. At the age of 83 he still spent most of his time on the road, going from math...

Full description

Bibliographic Details
Corporate Author: Kanopy (Firm)
Other Authors: Graham, Ronald L., 1935-2020 (Director)
Format: Video
Language:English
Published: [San Francisco, California, USA] : Kanopy Streaming, 2014.
Subjects:
Online Access:Connect to this streaming video

MARC

Tag First Indicator Second Indicator Subfields
LEADER 00000cgm a2200000 i 4500
001 in00003584608
006 m o c
007 vz uzazuu
007 cr una---unuuu
008 140717p20141993cau058 o vleng d
005 20260324182012.4
028 5 2 |a 1116211  |b Kanopy 
035 |a (OCoLC)900275481 
035 |a (CaSfKAN)kan1116211 
040 |a UtOrBLW  |b eng  |e rda  |c UtOrBLW 
245 0 0 |a N is a number :  |b a portrait of Paul Erdos. 
264 1 |a [San Francisco, California, USA] :  |b Kanopy Streaming,  |c 2014. 
300 |a 1 online resource (1 video file, approximately 60 min.) :  |b digital, .flv file, sound 
336 |a two-dimensional moving image  |b tdi  |2 rdacontent 
337 |a computer  |b c  |2 rdamedia 
338 |a online resource  |b cr  |2 rdacarrier 
344 |a digital 
347 |a video file  |b MPEG-4  |b Flash 
500 |a Title from title frames. 
518 |a Originally produced by Zala Films in 1993. 
520 |a A man with no home and no job, Paul Erdos was the most prolific mathematician who ever lived. Born in Hungary in 1913, Erdos wrote and co-authored over 1,500 papers and pioneered several fields in theoretical mathematics. At the age of 83 he still spent most of his time on the road, going from math meeting to math meeting, continually working on problems. He died on September 20, 1996 while attending such a meeting in Warsaw, Poland. N is a number: a portrait of Paul Erdos was filmed between 1988 and 1991. The film opens at Cambridge University's 1991 honorary doctorate ceremony, where Erdos received an award he says he would gladly trade for a "nice new proof." For Erdos, the meaning of life is "to prove and conjecture. "In an age dominated by technical wizardry and high tech communications, Erdos was an unusual human link connecting hundreds of people. As he traveled from country to country, Erdos carried with him the latest in mathematical thinking, inspiring others to develop new ideas and, sometimes, entire new fields. In turn, the mathematical community supported this repository of centuries of mathematical knowledge and lore. Every mathematician in the world has an "Erdos Number"-the number of people he or she is removed from having co-authored a paper with Erdos. To pursue this life of wandering and pure scholarship, Erdos relied on a network of other renowned mathematicians-all of whom regarded him as an international treasure. Wherever he touched down, whether in Hungary, Australia or Kalamazoo, Erdos immediately began working on problems with his colleagues. They, in turn, took care of his everyday needs. Ronald Graham, director of the Mathematical Sciences Research Center at ATandT Laboratories, keeps an "Erdos Room" at his home in New Jersey. From here, Graham managed Erdos's financial affairs and coordinated his travels and lectures, trying to maintain a semblance of order in the life of a man who kept no bank accounts and gave money to anyone he felt needed it. In Cambridge, England, Bela Bollobas, an ex-Erdos student, provided another oasis. As the film progresses it becomes clear that mathematicians around the world had more than a professional stake in caring for Erdos. In different ways, each of the many prominent mathematicians in the film expresses dedication to and love for Erdos. The structure of N is a Number is based on Erdos's 50 years of perpetual wandering, "like a bumblebee," carrying news and mathematical information from university to university. Erdos established himself as a serious mathematician at the age of 20 when he devised a more elegant proof for Chebyshev's theorem, i. e. , that there is always a prime number between any number and its double. He was at the center of an informal clique of gifted young mathematicians in Hungary, known as the Anonymous Group, because they would meet in a Budapest park under the statue of a medieval historian named Anonymous.  
538 |a Mode of access: World Wide Web. 
600 1 0 |a Erdős, Paul,  |d 1913-1996. 
650 0 |a Mathematicians. 
650 0 |a Documentary films. 
655 7 |a Internet videos.  |2 lcgft 
655 7 |a Nonfiction films.  |2 lcgft 
655 7 |a Documentary films.  |2 lcgft 
700 1 |a Graham, Ronald L.,  |d 1935-2020  |e director. 
710 2 |a Kanopy (Firm) 
856 4 0 |u http://proxy.library.tamu.edu/login?url=https://texasam.kanopystreaming.com/node/116212  |z Connect to this streaming video  |t 0 
999 f f |s a2887909-1cc8-392d-994d-6b63ba6c93ca  |i f4af7090-68bf-37f2-81a9-d5479922ba3e  |t 0 
952 f f |a Texas A&M University  |b College Station  |c Electronic Resources  |s www_evans  |d Available Online  |t 0  |h No information provided 
998 f f |t 0  |l Available Online